Paises no reconocidos por españa - Estadísticas

Estadísticas generales
  • Esta prueba ha sido intentada 63 veces
  • La puntuación promedio es 6 de 10
Estadísticas de respuestas
Hint Respuesta % Correcto
País del este de europa Kosovo
95%
País reclamado por Marruecos Sahara occidental
75%
Franja de tierra en Moldavia y población eslava Transnistria
59%
Región separatista en Moldavia Transnistria
59%
Situada en el Cuerno de África Somalilandia
58%
Dos regiones separatistas de Georgia empieza con la O Osetia del Sur
54%
Parte norte de la unica capital del mundo que tiene un muro en medio Chipre del norte
51%
Dos regiones separatistas de Georgia empieza con la A Abjasia
49%
Tiene su propio gobierno y funciona como un estado independiente de facto Taiwán
29%
Rregión en disputa entre Armenia y Azerbaiyán Nagorno-Karabaj
25%
No se encontraron pruebas coincidentes
Distribución de puntuación
Porcentaje de gente con cada puntuación
Porcentaje por número respondido
Historial de tus puntuaciones
No has intentado esta prueba.